00710nam a2200181Ia 4500001001000000003000500010008004100015010001100056040000900067100003100076245017300107260003500280300001100315502008700326650002900413700003300442710005300475Para_1398CHAP220125s1999 xx 000 0 und d a200106 cCHAP aJuárez Juárez, Artemio aManejo fitosanitario de calabacita (Cucurbita pepo Var gray zucchinni), en Chapingo, Estado de México /c por Artemio Juárez Juárez y Federico Chavarín Mendoza aChapingo, Méx. :b El autor a101 h. aTesis (Ing. Agr. Esp. en Parasitología Agrícola), UACh. Depto. Parasitología aCalabaza x enfermedades aChavarín Mendoza, Federico aUACh. Departamento de Parasitología Agrícola